Inicios del rock nacional.

Guardado en:
Formato: Deslizar
Materias:
Etiquetas: Agregar Etiqueta
Sin Etiquetas, Sea el primero en etiquetar este registro!
LEADER 00808ngm a22002175g 4500
001 CEM.cems022584
008 130507b2001##################0###0#####d
005 20241108132606.0
245 0 0 |a Inicios del rock nacional. 
300 |a 24'. 
500 |a En soporte VHS, consultar en ventanilla. 
505 0 |a Surgimiento del Rock n' Roll. Orígenes del género en la Argentina. Influencias de Bill Haley, Elvis Presley, Los Beatles. Músicos argentinos: Moris, Los Gatos. 
538 |a Soporte: VHS - Norma: Pal N - Color: Si - Grabación DRD 2001 - Hitachi=3225 
082 7 8 |/ POP 
653 |a MUSICA 
653 |a MUSICA POPULAR 
653 |a ROCK 
653 |a ROCK NACIONAL 
653 |a NIVEL PRIMARIO 
653 |a NIVEL SECUNDARIO 
859 |a CEMS  |b BIB. CEMS - Depto. Recursos Didacticos  |h 780  |i POP  |k DRD  |p 1227.12  |t Ej.1